000 01048nam a22003137a 4500
003 CHAP
005 20220329141628.0
008 971013s1981 r 00010 d
010 _a71296
011 _a72268
035 _a81822
040 _cCHAP
090 _aTesis
100 0 0 _aGalván Castillo, Natividad.
_944509
245 _aEfecto de la densidad de siembra en dos especies del género Vicia para la producción de forrajes en Anáhuac, N.L.
260 _aMonterrey, N.L. :
_bEl autor,
_c1981
300 _a45 h.
502 _aTesis (Ing. Agr. Zootecnista) -- UANL. Fac. de Agronomía
590 _aALEPH
_b10
_c20130110
_lUCH01
_h1411
590 _aBATCH-UPD
_b10
_c20130110
_lUCH01
_h0623
590 _aBATCH-UPD
_b10
_c20130410
_lUCH01
_h0306
590 _aBATCH-UPD
_b10
_c20130914
_lUCH01
_h1454
590 _aCONVERSION
_b10
_c20130109
_lUCH01
_h1339
650 1 4 _aPlantas forrajeras
_xEspaciamiento.
_988963
650 1 4 _aVeza
_xEspaciamiento.
_9119029
901 _aBK
942 _cTESIS
949 _bBC
_cTES
_d-35465
_eTS1
_i81822
_si
999 _c71296
_d71296